00703nam a22001937a 4500008004100000020002600041035001300067040001200080082000800092100002400100245009500124250002700219260002500246270009200271300001900363505008400382700002300466700002000489181129b ||||| |||| 00| 0 eng d a9788131792117c649.00 aB-713009 adplben a540 aFeynman, Richard P. aThe Feynman Lectures on PhysicscRichard P. Feynman, Robert B. Leighton and Mathews Sands bNew millennium edition aNoidabPearsonc2013 a15th Floor, tower-b,world trade tower, Plot. No.1, Sec 16, Noida, Uttar Pradesh -201301 a2V, vp.c28cm. av1 Mainly Mechanics, Radiation, and Heat v2. Mainly Electromagnetism and Matter aLeighton Robert B. aSands, Mathews.